000 00534nam a2200193Ia 4500
005 20260120131821.0
008 008 260114s9999 xx 000 0 eng d
020 _a9781383005226
037 _aEBOOK
040 _aCRL
_beng
_cCRL
041 _aeng
_2eng
084 _qCRL
100 _aGaisser
_9931555
245 0 _aCatullus and His Renaissance Readers
260 _bOxford University PressOxford University Press
_c2023
856 _uhttps://academic.oup.com/book/47024
942 _cEBOOK
999 _c1523477
_d1523477